Responses for show #4640 - Saturday, November 6, 2004

Ken Jennings game 68.
U.S. presidential election coverage on 2004-11-02 bumped airdates for games this week by one day, resulting in a Saturday airdate for an original episode.

Contestants

[<< previous game]

Leo Wolpert, a college student from Fairfax, Virginia

Ryan Cook, a graduate student originally from Eveleth, Minnesota

Ken Jennings, a software engineer from Salt Lake City, Utah (whose 67-day cash winnings total $2,272,600)

[next game >>]

Jeopardy! Round responses

THE MIDDLE AGES
WOMEN ON TV
I'M A PEPPER, YOU'RE A PEPPER
ODD ANIMAL FACTS
I WANT MY SUV
(Alex: You have to give the make of each model.)
TANGLED UP IN "BLUE"
    $200 2
Iberia

Ken
    $200 1
Two and a Half Men

Ryan
    $200 11
Peter Piper

Leo
    $200 26
smell

Ryan
    $200 21
Ford

Ryan
    $200 16
Rhapsody in Blue

Ken
    $400 7
Venice

Ken
    $400 3
Jennifer Garner

Ken
    $400 12
Genoa

Ken
    $400 27
winter

Leo
    $400 22
Jeep

Ken
    $400 17
the Blue Meanies

Ryan
    $600 8
the Magna Carta

Ken
    $600 4
ER

Ken
    $600 13
jalapeƱos

Ken
    $600 28
saliva

Ryan
    $600 23
Chevrolet

Leo
    $600 18
blue giants

Ken
    $800 9
Switzerland

Ryan
    $800 5
Pee-wee's Playhouse

Ryan
    $800 14
peppermint

Ken
    $800 29
giant pandas

Ken
    $800 24
(Leo: What is Hyundai?)

Nissan

RyanLeo
    $800 19
the Blue Ridge Mountains

Ryan
    $1000 10
Florence

Ryan
    $1000 6
Nancy Walker

Ken
    $1000 15
(Ryan: ...[Shakes head])

Hasenpfeffer

Ryan
Triple Stumper
    $2,000 30
(Alex: Ken?)
(Ken: What are... whiskers?)

manes

Ken
    $1000 25
Mitsubishi

Ryan
    $1000 20
the Russian blue

Leo

Scores at the first commercial break (after clue 15):

Ken Ryan Leo
$5,000 $1,800 $200

Scores at the end of the Jeopardy! Round:

Ken Ryan Leo
$5,000 $5,800 $1,400

Double Jeopardy! Round responses

MATH & SCIENCE
"DON'T" FORGET THIS SONG
LAND O' LAKES
OPRAH'S BOOK CLUB
OFFICIAL STATE FOOD & DRINK
FAMILIAR PHRASES
    $400 1
(Ryan: What is a pulsar?)

a black hole

KenRyan
    $400 16
"Don't Cry For Me Argentina"

Ryan
    $400 6
Erie

Ken
    $400 11
(Bill) Cosby

Ken
    $400 21
orange juice

Ryan
    $400 23
cross that bridge

Ryan
    $800 2
scale

Ken
    $800 17
"Don't Go Breaking My Heart"

Ken
    $800 7
(Alex: Keh!)

Italy

Ryan
    $800 12
100 Years of Solitude

Ken
    $800 22
(Ken: What is... [scowls] yuh!... [*]?)
(Alex: What did you say?)
(Ken: [*]?)
(Alex: Yeah.)
(Ken: Oh.)
(Alex: That's it. Don't--don't make a face like that, because it's always a smiling face for [*].)

Kool-Aid

Ken
    $800 24
a mind is a terrible thing to waste

Ryan
    $1200 3
paleobotany

Ken
    $1200 18
"Don't Worry, Be Happy"

Ken
    $1200 8
(Leo: What is Washington?)

Maine

KenLeo
    $1200 13
Toni Morrison

Ryan
    $1200 28
a mushroom

Ryan
    $1200 25
go bump in the night

Ken
    $3,000 4
algebra

Ken
    $1600 19
"Don't Fence Me In"

Ken
    $1600 9
the Dead Sea

Ken
    $1600 14
The Book of Ruth

Ken
    $1600 29
(Ken: What is... an apple?)

grape

Ken
Triple Stumper
    $1600 26
Pope

Ken
    $2000 5
topology

Ryan
    $2000 20
"Don't Stop Believing"

Ryan
    $2000 10
Burundi

Ryan
    $3,600 15
Wally Lamb

Ken
    $2000 30
the chocolate chip cookie

Triple Stumper
    $2000 27
Drink to me only with thine eyes

Ken

Scores at the end of the Double Jeopardy! Round:

Ken Ryan Leo
$27,600 $16,600 $200

[wagering suggestions for these scores]

Final Jeopardy! Round responses

SPORTS
(Alex: Yes, the dish that the women champions hold up, that's the Venus Rosewater Dish.)
...
(Alex: And Ryan made you earn it today!)
...
(Alex: I'm gonna be a very old man by the time he's defeated on this show, I fear.)
LeoWhat is the Kentucky Derby?
$199
RyanWhat is Wimbledon?
$12,500
KenWhat is Wimbledon?
$5,601
Wimbledon

Final scores:

Ken Ryan Leo
$33,201 $29,100 $1
68-day champion: $2,305,801 2nd place: $2,000 3rd place: $1,000

Game dynamics:

Coryat scores:

Ken Ryan Leo
$26,600 $16,600 $200
31 R
(including 2 DDs),
2 W
(including 1 DD)
21 R,
2 W
4 R,
2 W

Combined Coryat: $43,400

The J! Archive is created by fans, for fans. The Jeopardy! game show and all elements thereof, including but not limited to copyright and trademark thereto, are the property of Jeopardy Productions, Inc. and are protected under law. This website is not affiliated with, sponsored by, or operated by Jeopardy Productions, Inc. Join the discussion at JBoard.tv.